| 000 | 00928aam a2200265 i 4500 | ||
|---|---|---|---|
| 001 | 009076907 | ||
| 003 | EG-ScBUE | ||
| 005 | 20240901113419.0 | ||
| 008 | 821122s1982 enka f b 001 0 eng d | ||
| 020 | _a9780521289672 | ||
| 040 |
_aEG-ScBUE _beng _erda _cEG-ScBUE _dEG-ScBUE |
||
| 082 | 0 | 4 |
_a502.82 _222 _bSPE |
| 100 | 1 |
_aSpencer, Michael, _d1931- _eauthor. _933192 |
|
| 245 | 1 | 0 |
_aFundamentals of light microscopy / _cMichael Spencer, Department of Biophysics, University of London, King's College. |
| 264 | 1 |
_aCambridge : _bCambridge University Press, _c1982. |
|
| 300 |
_ax, 93 pages : _billustrations ; _c24 cm. |
||
| 336 |
_2rdacontent _atext _btxt |
||
| 337 |
_aunmediated _2rdamedia _bn |
||
| 338 |
_avolume _bnc _2rdacarrier |
||
| 490 | 0 |
_aIUPAB biophysics series ; _v6 |
|
| 504 | _aIncludes bibliographical references and index. | ||
| 650 | 7 |
_aMicroscopy. _2BUEsh _933193 |
|
| 655 | _vReading book | ||
| 942 |
_2ddc _cBB |
||
| 999 |
_c17465 _d17437 |
||